Các quy định pháp luật về quản lý đất đai Văn bản mới nhất năm 2000 - 2001

Guardat en:
Dades bibliogràfiques
Format: Llibre
Idioma:Undetermined
Publicat: Hà Nội Chính trị Quốc gia 2001
Matèries:
Etiquetes: Afegir etiqueta
Sense etiquetes, Sigues el primer a etiquetar aquest registre!
Thư viện lưu trữ: Trung tâm Học liệu Trường Đại học Cần Thơ
LEADER 00626nam a2200205Ia 4500
001 CTU_52102
008 210402s9999 xx 000 0 und d
020 |b 55000 
020 |c 55000 
082 |a 346.597043 
082 |b C101 
245 0 |a Các quy định pháp luật về quản lý đất đai 
245 0 |b Văn bản mới nhất năm 2000 - 2001 
260 |a Hà Nội 
260 |b Chính trị Quốc gia 
260 |c 2001 
650 |a Land use,Housing 
650 |x Law and legislation,Law and legislation 
904 |i H.Mai 
980 |a Trung tâm Học liệu Trường Đại học Cần Thơ